00936nam a2200277 a 4500001001000000003000900010005001700019007000300036008004100039040003000080082001400110100005000124245008100174264004800255300002700303336002700330337003300357338002800390590002600418650002400444650002600468910000700494942001400501952012600515999001700641000044168DO-SdBNP20240710114450.0ta240625s2011 dr a 000 f spa d aDO-SdBNPbspacBNPHUerda bR173m2221 aCastillo Javier, Gerardo,d1963-eautor9167710aLas mismas creencias, el mismo pensar, parte I /cRafael R. Ramirez Ferreira aSanto Domingo :bDragón Editorial,c2012. a172 paginas. ;c23 cm. 2rdacontentatextobtxt 2rdamediaasin mediaciónbn 2rdacarrieravolumenbnc aInventariado, 2024/DG 4aCuentos dominicanos 4aLiteratura dominicana aDG 2ddccLBS1 00102ddc51708PDaBNPHUbBNPHUcCTd2024-06-25edonaciónl0oBNPHU PD R173mp2024-3705r2024-06-25w2024-06-25yLBS1 c56963d56963